Youth unemployment and job insecurity in Europe : problems, risk factors and policies /

Providing original insights into the factors causing early job insecurity in European countries, this book examines the short- and long-term consequences. It assesses public policies seeking to diminish the risks to young people facing prolonged job insecurity and reduce the severity of these impact...

Full description

Bibliographic Details
Other Authors: Hvinden, Bjørn, 1949- (Editor), Hyggen, Christer (Editor), Schoyen, Mi Ah (Editor), Sirovátka, Tomáš (Editor)
Format: eBook
Language:English
Published: Cheltenham, UK ; Northampton, MA : Edward Elgar Publishing, [2019]
Subjects:
Online Access:Connect to the full text of this electronic book

MARC

Tag First Indicator Second Indicator Subfields
LEADER 00000cam a2200000 i 4500
001 in00004788430
006 m o d
007 cr cnu---unuuu
008 190228s2019 enk ob 001 0 eng d
005 20240425142542.6
035 |a (OCoLC)on1088814734 
040 |a YDX  |b eng  |e rda  |e pn  |c YDX  |d N$T  |d YDXIT  |d BRX  |d UKMGB  |d OCLCF  |d ELGAR  |d UKKNU  |d EBLCP  |d OCLCO  |d OCLCQ  |d OCLCO  |d UKAHL  |d OCLCQ  |d OCLCO  |d OCLCL 
015 |a GBB952810  |2 bnb 
016 7 |a 019293043  |2 Uk 
019 |a 1088906203 
020 |a 9781788118897  |q (electronic book) 
020 |a 1788118898  |q (electronic book) 
020 |z 178811888X 
020 |z 9781788118880 
035 |a (OCoLC)1088814734  |z (OCoLC)1088906203 
037 |a 9781788118897  |b Edward Elgar Publishing 
043 |a e------ 
050 4 |a HD6276.E852  |b Y68 2019 
050 4 |a HD5764 
072 7 |a BUS  |x 038000  |2 bisacsh 
072 7 |a POL  |x 013000  |2 bisacsh 
082 0 4 |a 331.3/4094  |2 23 
049 |a TXAM 
245 0 0 |a Youth unemployment and job insecurity in Europe :  |b problems, risk factors and policies /  |c edited by Bjørn Hvinden, Christer Hyggen, Mi Ah Schoyen, Tomáš Sirovátka. 
264 1 |a Cheltenham, UK ;  |a Northampton, MA :  |b Edward Elgar Publishing,  |c [2019] 
300 |a 1 online resource (xii, 257 pages) 
336 |a text  |b txt  |2 rdacontent 
337 |a computer  |b c  |2 rdamedia 
338 |a online resource  |b cr  |2 rdacarrier 
504 |a Includes bibliographical references and index. 
588 0 |a Online resource; title from digital title page (viewed on March 14, 2019). 
505 0 |a Preface -- 1. Introduction / Bjørn Hvinden, Jacqueline O'Reilly, Tomáš Sirovátka and Mi Ah Schoyen -- Part I: The problem of early job insecurity and the crisis -- 2. Mapping early job insecurity impacts of the crisis in Europe / Maria Karamessini, Maria Symeonaki, Dimitris Parsanoglou and Glykeria Stamatopoulou -- 3. Factors explaining youth unemployment and early job insecurity in Europe / Maria Karamessini, Maria Symeonaki, Glykeria Stamatopoulou and Dimitris Parsanoglou -- 4. The Great Recession and the youth labour market in European countries: The demographic versus the labour market effect / Piotr Michoń -- 5. Scars of early job insecurity across Europe: Insights from a multi-country employer study / Christian Imdorf, Lulu P. Shi, Stefan Sacchi, Robin Samuel, Christer Hyggen, Rumiana Stoilova, Gabriela Yordanova, Pepka Boyadjieva, Petya Ilieva-Trichkova, Dimitris Parsanoglou and Aggeliki Yfanti -- 6. (Un)realized agency in a situation of early job insecurity: Patterns of young people's agency regarding employment / Pepka Boyadjieva and Petya Ilieva-Trichkova -- Part II: Policies for dealing with early job insecurity -- 7. Diversity of youth policy regimes and early job insecurity -- towards an integrated approach / Ondřej Hora, Markéta Horáková and Tomáš Sirovátka -- 8. Policy adaptation to address early job insecurity in Europe / Ondřej Hora, Markéta Horáková and Tomáš Sirovátka -- 9. Horizontal and vertical coordination of the European Youth Guarantee / Irene Dingeldey, Lisa Steinberg and Marie-Luise Assmann -- 10. Has the European Social Fund been effective in supporting young people? / Margherita Bussi, Bjørn Hvinden and Mi Ah Schoyen -- Part III: Conclusions and policy implications -- 11. Implications for policymaking / Bjørn Hvinden, Jacqueline O ́Reilly, Tomáš Sirovátka, Mi Ah Schoyen and Christer Hyggen -- Appendix -- Index. 
520 |a Providing original insights into the factors causing early job insecurity in European countries, this book examines the short- and long-term consequences. It assesses public policies seeking to diminish the risks to young people facing prolonged job insecurity and reduce the severity of these impacts. Based on the findings of a major study of nine European countries, this book examines the diverse strategies that countries across the continent use to help young people overcome employment barriers. The authors present recommendations for governments to improve the job market environment and to support young people in finding suitable and stable employment. A vital tool for European policymakers, this book provides new knowledge that will help improve existing policies, at both national and European levels. The detailed analysis of original data collected through innovative methods will prove highly useful to public policy and European studies scholars. 
650 0 |a Unemployment  |z Europe. 
650 0 |a Job security  |z Europe. 
650 0 |a Unemployed youth  |z Europe. 
650 6 |a Sécurité d'emploi  |z Europe. 
650 6 |a Jeunes chômeurs  |z Europe. 
650 7 |a BUSINESS & ECONOMICS  |x Labor.  |2 bisacsh 
650 7 |a POLITICAL SCIENCE  |x Labor & Industrial Relations.  |2 bisacsh 
650 7 |a Job security  |2 fast 
650 7 |a Unemployed youth  |2 fast 
650 7 |a Unemployment  |2 fast 
651 7 |a Europe  |2 fast  |1 https://id.oclc.org/worldcat/entity/E39PBJxCxPbbk4CPJDQJb4r6rq 
655 7 |a Electronic books.  |2 local 
700 1 |a Hvinden, Bjørn,  |d 1949-  |e editor.  |1 https://id.oclc.org/worldcat/entity/E39PBJwCTT96dpWWwkXPgxkJjC 
700 1 |a Hyggen, Christer,  |e editor. 
700 1 |a Schoyen, Mi Ah,  |e editor. 
700 1 |a Sirovátka, Tomáš,  |e editor. 
758 |i has work:  |a Youth unemployment and job insecurity in Europe (Text)  |1 https://id.oclc.org/worldcat/entity/E39PCFqPVd9m7t7gQm63XjqXwK  |4 https://id.oclc.org/worldcat/ontology/hasWork 
776 0 8 |i Print version:  |z 178811888X  |z 9781788118880  |w (OCoLC)1053574825 
856 4 0 |u https://www.elgaronline.com/view/edcoll/9781788118880/9781788118880.xml  |z Connect to the full text of this electronic book  |t 0 
955 |a Elgar Open Access ebooks 
994 |a 92  |b TXA 
999 f f |s 9ffa958c-ff35-4332-9fef-0cb673952962  |i 3f37c1a1-9c3c-4d38-8fcf-290d189e599b  |t 0 
952 f f |a Texas A&M University  |b College Station  |c Electronic Resources  |d Available Online  |t 0  |e HD6276.E852HD5764 Y68 2019  |h Library of Congress classification 
998 f f |a HD6276.E852HD5764 Y68 2019  |t 0  |l Available Online